#HGGSP Patrimoine Notion importantes - Statistiques

Statistiques générales
  • Ce quiz a été pris 137 fois
  • Le résultat moyen est 7 sur 20
Statistiques - réponses
Hint Réponse % Correct
Organisation des Nations-Unies pour l'Education, la Science et la Culture. Cette branche de l'ONU s'occupe de la préservation et de la sauvegarde de la culture et du patrimoine UNESCO
79%
Littéralement "ce qui est reçu des pères". Ensemble de biens pouvant prendre différentes formes et qui ce transmet/conserve afin de garder les traces du passé Patrimoine
78%
Pratique dans lequel un bien, un lieu ou bien une pratique sociale devient un objet du patrimoine Patrimonialisation
63%
Ensemble de connaissance se rapportant à la cuisine et l'organisation des repas ainsi qu'a la dégustation des mets Gastronomie
55%
Phénomène d'embourgeoisement d'un quartier ou d'une ville, ayant pour conséquence d'en chasser certaines catégories sociales, souvent les plus populaires Gentrification
53%
Soutien matériel, souvent financier, afin de promouvoir une oeuvre Mécénat
46%
Opération de remise à neuf passant par des transformations importantes ou par la reconstruction en entier Rénovation
41%
Terme péjorative qui désigne la mise en valeur d'un objet lié au patrimoine afin d'assurer son développement touristique et sa conservation Muséification
40%
Terme forgé en 1793 par l'abbé Grégoire pour dénoncer les violences contre les symboles de l'Ancien régime. Aujourd'hui, ce terme a été réutilisé pour désigner la destruction ou la détérioration d'œuvre d'art Vandalisme
38%
Opération de remise en état d'un bâti existant suivant des règles propres à respecter ses logiques de construction Restauration
36%
Fait de dépouiller, de voler un bien Spoliation
35%
Politique d'aménagement du territoire visant à transférer, au niveau local, des pouvoirs et des compétences Décentralisation
22%
Opération de remise en état d'un bâti existant en préservant son caractère historique Réhabilitation
22%
Attribution par une autorité d'une marque distinctive garantissant la conformité et/ou la qualité. Labélisation
14%
Autre terme pour désigner le surtourisme. Le terme s'impose quand un site se voit être victime de surfréquentation dégradant ainsi le site Overtourisme
11%
Ce terme désigne un appauvrissement progressif d'une population ou d'un groupe social Paupérisation
11%
Tourisme qui tient pleinement compte des enjeux environnementaux et des impacts sociaux - économiques Tourisme durable
9%
Organisation et aménagement des espaces de la ville afin de répondre aux besoins des hommes Urbanisme
4%
Bien dont chaque individu peut disposer librement Bien public
3%
Rassemblement d'homme/femme à diverses échelles qui se reconnaissent autour d'un bien ou d'une pratique(folklore/costumes/langues/danses) Construction sociales
1%
Aucun quiz correspondant
Distribution des résultats
% des personnes avec chaque résultat
Percentile par nombre de réponses
Votre historique - résultats
Vous n’avez pas pris ce quiz